Retrouver les dessins animés gulli - Statistiques

Statistiques générales
  • Ce quiz a été pris 835 fois
  • Le résultat moyen est 7 sur 12
Statistiques - réponses
Par images Réponse % Correct
Foot 2 Rue
90%
Bienvenue chez les Loud
85%
les sisters
81%
Totally Spies
72%
Magic
69%
Zig et Sharko
67%
Ratz
66%
Alvin et les Chipmunks
64%
Monster Buster Club
44%
Bienvenue chez les Casagrandes
33%
Jamie a des tentacules
24%
Objectif Blake !
21%
Aucun quiz correspondant
Distribution des résultats
% des personnes avec chaque résultat
Percentile par nombre de réponses
Votre historique - résultats
Vous n’avez pas pris ce quiz